000 01089nam a2200313Ia 4500
003 OSt
005 20221007121308.0
006 a|||||r|||| 00| 0
007 ta
008 221006b |||||||| |||| 00| 0 eng d
020 _a9783642209659 (hbk)
024 _a190493
037 _b240, 14/03/2014, N R Book Distributors
_cTextual
040 _aBDL
_cBDL
_beng
041 _2eng
_aeng
082 _aI:567, Q2;1 Carb
100 _aPerotto Silvia
_9711331
245 0 _aSignaling and communication in plant symbiosis
_b Baluska Frantisek
260 _aNew
_bYork Springer
_c2012
300 _aviii,262p. col.ill.
_ccm.
490 _aSignaling and communication in plants
500 _aInclude bibliographical references.; Index 259-262p.
650 _a Plant cellular signal transduction
_9711332
650 _a Plant symbiosis
_9711333
650 _aBotany
700 _a Baluska Frantisek
_9711101
942 _hI:567, Q2;1 Carb
_cTEXL
_2CC
999 _c1208688
_d1208688